000 01587nam a2200241 a 4500
008 120416s1999 ||||||||||||||||| || u
050 _aKG 3644 Ban
100 _aBanda, Darlington A
245 1 2 _aA guide to employment law in Zambia: a profile
260 _aLusaka:
_bFriedrich Ebert Stifteng
_c1999
300 _a51 p.
350 _a0.00
650 _aLABOUR LAWS AND LEGISLATION--ZAMBIA
650 _aLAW
650 _aLABOUR UNIONS--LAW AND LEGISLATION
995 _aSPECIAL COLLECTIONS
_D0.00
_e730782
_FCBU-MAIN LIBRARY (Kitwe)
_H1
_I0.00
_jZAM KG 3644 BAN
_M6
_UAVAILABLE
_WJun 19, 2006
_y027858
_ZZambiana Collection
995 _aSPECIAL COLLECTIONS
_D0.00
_e730781
_FCBU-MAIN LIBRARY (Kitwe)
_H4
_I30.00
_jZAM KG 3644 BAN
_M4
_UAVAILABLE
_y027859
_ZZambiana Collection
995 _aANNEX COLLECTION (Main Library)
_D0.00
_e730777
_FCBU-MAIN LIBRARY (Kitwe)
_H5
_I30.00
_jKG 3644 BAN
_M5
_UAVAILABLE
_y027857
_ZAnnex Low-Usage Collection
995 _aMAIN LIBRARY OPEN ACCESS
_D0.00
_e730776
_FCBU-MAIN LIBRARY (Kitwe)
_H1
_I30.00
_jKG 3644 BAN
_M1
_UAVAILABLE
_y027860
_ZMain Library Open Access Collection
995 _aANNEX COLLECTION (Main Library)
_D0.00
_e730774
_FCBU-MAIN LIBRARY (Kitwe)
_H2
_I30.00
_jKG 3644 BAN
_M2
_UAVAILABLE
_y027863
_ZAnnex Low-Usage Collection
995 _aANNEX COLLECTION (Main Library)
_D0.00
_e730773
_FCBU-MAIN LIBRARY (Kitwe)
_H1
_I0.00
_jKG 3644 BAN
_M7
_UAVAILABLE
_WJun 19, 2006
_y027861
_ZAnnex Low-Usage Collection
995 _aMAIN LIBRARY OPEN ACCESS
_D0.00
_e730775
_FCBU-MAIN LIBRARY (Kitwe)
_H3
_I30.00
_jKG 3644 BAN
_M3
_UAVAILABLE
_y027862
_ZMain Library Open Access Collection
999 _c76046
_d76046